Gentilité des départements d'Auvergne Rhône Alpes - Statistiques

Statistiques générales
  • Ce quiz a été pris 17 fois
  • Le résultat moyen est 8 sur 12
Statistiques - réponses
Hint Réponse % Correct
Ardèche Ardéchois
100%
Drôme Drômois
100%
Isère Isérois
100%
Haute-Savoie Haut-Savoyards
82%
Savoie Savoyards
82%
Loire Ligériens
65%
Haute-Loire Altiligériens
53%
Rhône Rhodaniens
53%
Ain Aindinois
47%
Cantal Cantaliens
41%
Allier Bourbonnais
18%
Puy-de-Dôme Puydômois
18%
Aucun quiz correspondant
Distribution des résultats
% des personnes avec chaque résultat
Percentile par nombre de réponses
Votre historique - résultats
Vous n’avez pas pris ce quiz